Fallout: New Vegas - All Standard Weapons - NO UNIQUE VARIANTS - Statistics

General Stats
  • This quiz has been taken 14 times
    7 since last reset
  • The average score is 53 of 109
Answer Stats
Hint Answer % Correct
Guns 10mm pistol
100%
Guns 9mm pistol
100%
Guns Anti-materiel rifle
100%
Unarmed Boxing gloves
100%
Shotgun Caravan shotgun
100%
Explosive Dynamite
100%
Fire Flamer
100%
Explosive Frag grenade
100%
Energy Gatling laser
100%
Fire Heavy incinerator
100%
Shotgun Hunting shotgun
100%
Fire Incinerator
100%
Energy Laser pistol
100%
Energy Laser rifle
100%
Guns Marksman carbine
100%
Explosive Plasma grenade
100%
Energy Plasma pistol
100%
Energy Plasma rifle
100%
Energy Pulse gun
100%
Shotgun Sawed-off shotgun
100%
Shotgun Single shotgun
100%
Guns Varmint rifle
100%
Guns 10mm SMG
50%
Guns 12.7mm pistol
50%
Guns 12.7mm SMG
50%
Guns .357 Magnum revolver
50%
Guns .44 Magnum revolver
50%
Melee 9 Iron
50%
Guns 9mm SMG
50%
Guns Assault carbine
50%
Unarmed Ballistic fist
50%
Melee Baseball bat
50%
Guns BB gun
50%
Explosive Bottlecap mine
50%
Unarmed Boxing tape
50%
Unarmed Brass knuckles
50%
Melee Bumper sword
50%
Melee Chainsaw
50%
Melee Cleaver
50%
Melee Combat knife
50%
Guns Cowboy repeater
50%
Unarmed Displacer glove
50%
Unarmed Dog tag fist
50%
Explosive Fat Man
50%
Melee Fire axe
50%
Explosive Frag mine
50%
Energy Gauss rifle
50%
Explosive Grenade rifle
50%
Melee Hatchet
50%
Guns Hunting revolver
50%
Guns Hunting rifle
50%
Melee Knife
50%
Melee Lead pipe
50%
Explosive Long-fuse dynamite
50%
Melee Machete
50%
Guns Minigun
50%
Explosive Missile launcher
50%
Energy Plasma caster
50%
Energy Plasma defender
50%
Explosive Plasma mine
50%
Melee Pool cue
50%
Explosive Powder charge
50%
Unarmed Power fist
50%
Explosive Pulse grenade
50%
Explosive Pulse mine
50%
Guns Ranger Sequoia
50%
Melee Rebar club
50%
Energy Recharger pistol
50%
Shotgun Riot shotgun
50%
Melee Shovel
50%
Guns Silenced .22 pistol
50%
Guns Silenced .22 SMG
50%
Melee Sledgehammer
50%
Guns Sniper rifle
50%
Unarmed Spiked knuckles
50%
Melee Straight razor
50%
Melee Super sledge
50%
Melee Switchblade
50%
Energy Tesla cannon
50%
Explosive Time bomb
50%
Melee Tire iron
50%
Guns Trail carbine
50%
Unarmed Zap glove
50%
Unarmed Bladed gauntlet
0%
Guns Brush gun
0%
Explosive C-4 plastic explosive
0%
Melee Cattle prod
0%
Explosive Detonator
0%
Melee Dress cane
0%
Explosive Grenade launcher
0%
Explosive Grenade machinegun
0%
Explosive Incendiary grenade
0%
Energy Laser RCW
0%
Shotgun Lever-action shotgun
0%
Guns Light machine gun
0%
Melee Machete gladius
0%
Unarmed Mantis gauntlet
0%
Energy Multiplas rifle
0%
Melee Nailboard
0%
Melee Police baton
0%
Energy Recharge rifle
0%
Melee Rolling pin
0%
Guns Service rifle
0%
Melee Shishkebab
0%
Melee Thermic lance
0%
Melee Throwing hatchet
0%
Melee Throwing knife
0%
Melee Throwing spear
0%
Energy Tri-beam Laser rifle
0%
No matching quizzes found
Score Distribution
Percent of People with Each Score
Percentile by Number Answered
Your Score History
You have not taken this quiz since the last reset